header

High-performance synthetic fibers for composites (Record no. 178053)

MARC details
000 -LEADER
fixed length control field 01524nam a2200337 a 4500
082 04 - DEWEY DECIMAL CLASSIFICATION NUMBER
Classification number 620.1/18
245 10 - TITLE STATEMENT
Title High-performance synthetic fibers for composites
260 ## - PUBLICATION, DISTRIBUTION, ETC. (IMPRINT)
Place of publication Washington, D.C. :
Name of publisher National Academy Press,
Year of publication 1992.
300 ## - PHYSICAL DESCRIPTION
Number of Pages xv, 129 p. :
Other physical details ill.
490 1# - SERIES STATEMENT
Series statement Publication NMAB ;
650 #0 - SUBJECT ADDED ENTRY--TOPICAL TERM
Topical Term Fibrous composites
Topical Term Fibers
Topical Term Refractory materials.
856 40 - ELECTRONIC LOCATION AND ACCESS
Uniform Resource Identifier http://site.ebrary.com/lib/rucke/Doc?id=10055580

No items available.

© 2026 Rongo University
Contact us: librarian | system librarian | Rongo university